1127 1301 1954 1174 1746 1860 1605 1476 1458 1749 1902 1808 1441 1786 1209 1989 1322 1679 1321 1674 1381 1094 1074 1002 1164 1172 1769 1325 1596 1894 1294 1140 1172 1893 1671 1561 1100 1038 1225 1708 1792 1456 1860 1771 1893 1260 1546 1803 1219 1211 1262 1943 1427 1537 1022 1042 1124 1375 1280 1439 1809 1359 1099 1072 1858 1209 1055 1482 1133 1136 1264 1971 1679 1372 1491 1131 1511 1654 1652 1930 1010 1630 1290 1550 1131 1581 1866 1784 1897 1503 1969 1688 1123 1090 1068 1286 1158 1144 1028 BCNSPRNW ULIB Ver.6.0+V

เปลี่ยนเป็นภาษาไทย

Change to English
 แสดงรายละเอียดบรรณานุกรม
  กลับหน้าหลัก

Brief Record : Get Marc (ISO 2709) : E-mail record : QR code < ปิดหน้าต่าง
LEADER : 00000nam 2200000uu 4500
001    13399115246
003     ULIB
008    120808s2550||||th 000 0 tha d
020    ^a9789746451451
060 04 ^aWA671^bม246อ 2550
245 10 ^aอนามัยสิ่งแวดล้อม หน่วยที่ 1-7 =^bEnvironmental health
246 31 ^aEnvironmental health
250    ^aพิมพ์ครั้งที่ 6
260    ^a[นนทบุรี] :^bสำนักพิมพ์มหาวิทยาลัยสุโขทัยธรรมาธิราช,^c2550
300    ^a2 เล่ม :^bภาพประกอบ ;^c30 ซม.
500    ^a"เอกสารการสอนรายวิชา 52203 หน่วยที่ 1-7, 8-15" -- หน้าปกใน
500    ^aสิ่งพิมพ์ของ มหาวิทยาลัยสุโขทัยธรรมาธิราช
500    ^aSend to Single Search
591    ^aLICL มีปี 2528, 2546
650  4 ^aสุขาภิบาลสิ่งแวดล้อม
700 0  ^aสนธิ คชวัฒน์
710 2  ^aมหาวิทยาลัยสุโขทัยธรรมาธิราช. ^bสาขาวิชาวิทยาศาสตร์สุขภาพ
945    ^p0^l0^i14649
945    ^p0^l0^i14650
945    ^p0^l0^i14651
995    ^aกัณชพร
999 ^a ใช้งานได้ทุกระบบ
รายการนี้ยังไม่มีแท็ก
คุณยังไม่ได้ล็อกอิน คุณสามารถมีกิจกรรมร่วมกับเว็บไซต์ได้ แต่ต้องล็อกอินก่อน ::
  ล็อกอิน

รายการสื่อสารสนเทศ

ลำดับที่ ประเภท เลขเรียก/บาร์โค้ด สถานที่ สถานะ
- ไม่พบข้อมูล -

รายการใกล้เคียง
    หัวเรื่อง [สุขาภิบาลสิ่งแวดล้อม]

BibComment


ยังไม่เคยถูกคอมเมนท์

คอมเมนท์ทรัพยากรรายการนี้
  คอมเมนท์: อนามัยสิ่งแวดล้อ..


 Copyright 2026. Bcnsprnw @Library